| 000 | 00441nam a2200181Ia 4500 | ||
|---|---|---|---|
| 003 | OSt | ||
| 005 | 20230606111132.0 | ||
| 008 | 210423s2010 xx 000 0 und d | ||
| 040 | _cAL | ||
| 041 | _aeng | ||
| 082 |
_a519.5 _223 _bSPIS |
||
| 100 |
_aSPIEGEL (Murray R),Ed. _9120097 |
||
| 245 | _aStatistics. | ||
| 260 |
_aNew Delhi _bTata McGrawhill _c2010 |
||
| 365 |
_b395 _cINR |
||
| 906 | _aStatistics ; Statistics. | ||
| 942 |
_2ddc _cBK |
||
| 999 |
_c175794 _d175794 |
||